| Tag |
First Indicator |
Second Indicator |
Subfields |
| LEADER |
00000cam a22000003i 4500 |
| 001 |
in00002503590 |
| 005 |
20190327173459.0 |
| 006 |
m||||||||d|||||||| |
| 007 |
cr |n ---||a|a |
| 008 |
910529s1969 pau s 000|0 eng d |
| 035 |
|
|
|a PATW91-B00466
|
| 035 |
|
|
|a (VaAlASP)ASPS00008228/bltc
|
| 040 |
|
|
|a PPT-B
|c PPT-B
|d VaAlASP
|d UtOrBLW
|
| 100 |
1 |
|
|a Redding, J. Saunders
|q (Jay Saunders),
|d 1906-1988.
|
| 245 |
1 |
0 |
|a Of men and the writing of books /
|c Saunders Redding.
|
| 264 |
|
1 |
|a Lincoln University, Pa. :
|b Vail Memorial Library,cd1969.
|c [date of publication not identified]
|
| 300 |
|
|
|a 10 unnumbered pages ;
|c 23 cm.
|
| 336 |
|
|
|a text
|b txt
|2 rdacontent
|
| 337 |
|
|
|a computer
|b c
|2 rdamedia
|
| 338 |
|
|
|a online resource
|b cr
|2 rdacarrier
|
| 500 |
|
|
|a "The text of a National Library Week Talk at Lincoln University on April 20, 1967"
|
| 533 |
|
|
|a Electronic reproduction.
|b Alexandria, VA :
|c Alexander Street Press,
|d 2003.
|f (Black thought and culture).
|n Available via World Wide Web.
|
| 500 |
|
|
|a Electronic resource.
|
| 650 |
|
0 |
|a Fiction
|x History and criticism.
|
| 655 |
|
0 |
|a Electronic books.
|
| 830 |
|
0 |
|a Black thought and culture.
|
| 856 |
4 |
0 |
|z Connect to the full text of this electronic book
|u http://proxy.library.tamu.edu/login?url=http://www.aspresolver.com/aspresolver.asp?BLTC;S8228
|t 0
|
| 999 |
|
|
|a MARS
|
| 999 |
f |
f |
|s 15b6712d-eff8-31e6-a454-c1ad36a9c6cb
|i 4929c105-1a3f-3788-96d6-4520cea84329
|t 0
|
| 952 |
f |
f |
|a Texas A&M University
|b College Station
|c Electronic Resources
|d Available Online
|t 0
|h No information provided
|
| 998 |
f |
f |
|t 0
|l Available Online
|